[Event "Gujarat op 2nd"]
[Site "Ahmedabad"]
[Date "2019.09.27"]
[Round "8"]
[White "Chokshi, Manthan J"]
[Black "Kshatriya, Nitin Vekhande"]
[Result "1-0"]
[WhiteElo "2170"]
[BlackElo "1926"]
[PlyCount "139"]
[EventDate "2019.09.22"]
[EventType "swiss"]
[EventRounds "10"]
[EventCountry "IND"]
[SourceTitle "EXT 2020"]
[Source "ChessBase"]
[SourceDate "2019.10.17"]
[SourceVersion "1"]
[SourceVersionDate "2019.10.17"]
[SourceQuality "1"]

1. e4 c5 2. Nc3 g6 3. g3 Bg7 4. Bg2 Nc6 5. d3 e6 6. Be3 b6 7. Qd2 Nge7 8. Bh6 0-0 9. h4 Nd4 10. 0-0-0 Nec6 11. h5 Bxh6 12. Qxh6 g5 13. f4 f6 14. fxg5 fxg5 15. Nh3 Qf6 16. Qxf6 Rxf6 17. Nxg5 Ne5 18. Rdf1 Rxf1+ 19. Bxf1 Bb7 20. Bg2 Ng4 21. Kd2 h6 22. Nf3 Rf8 23. Nxd4 cxd4 24. Nd1 Ne3 25. Bh3 Ba6 26. Re1 Rf3 27. Nxe3 Rxg3 28. Bf1 dxe3+ 29. Rxe3 Rg5 30. Be2 d6 31. Rf3 Kg7 32. Rf4 e5 33. Rf2 Bc8 34. Kc3 Bd7 35. Kc4 Bc6 36. c3 a6 37. a3 Rg3 38. a4 b5+ 39. axb5 Bxb5+ 40. Kd5 Bxd3 41. Kxd6 Bxe4 42. Kxe5 Bb7 43. Bc4 Rg5+ 44. Rf5 Bc8 45. Be6 Bb7 46. Rxg5+ hxg5 47. Bg4 Bc6 48. b4 Bb5 49. Kd4 Kh6 50. c4 Be8 51. c5 Bxh5 52. Bxh5 Kxh5 53. c6 g4 54. c7 g3 55. c8Q Kh4 56. Ke3 g2 57. Kf2 a5 58. Qh8+ Kg4 59. bxa5 g1Q+ 60. Kxg1 Kf5 61. Qd4 Ke6 62. Qc5 Kf6 63. Qd5 Kg6 64. Qe5 Kf7 65. Qd6 Kg7 66. Qe6 Kh8 67. Qd7 Kg8 68. a6 Kf8 69. a7 Kg8 70. a8Q# 1-0

[Event "Sydney op"]
[Site "Parramatta"]
[Date "2007.04.12"]
[Round "4"]
[White "Chokshi, Manthan J"]
[Black "Shipov, Sergei"]
[Result "1-0"]
[WhiteElo "2168"]
[BlackElo "2592"]
[PlyCount "78"]
[EventDate "2007.04.10"]
[EventType "swiss"]
[EventRounds "9"]
[EventCountry "AUS"]
[SourceTitle "CBM 117 Extra"]
[Source "ChessBase"]
[SourceDate "2007.05.09"]
[SourceVersion "1"]
[SourceVersionDate "2007.05.09"]
[SourceQuality "1"]

1. e4 e6 2. d4 d5 3. Nd2 a6 4. Bd3 c5 5. dxc5 Nf6 6. Qe2 Bxc5 7. Ngf3 Nc6 8. c3 Qc7 9. h3 Ba7 10. a3 0-0 11. g4 b5 12. g5 Nh5 13. Nf1 Bb7 14. Rg1 g6 15. Be3 Nf4 16. Bxf4 Qxf4 17. e5 Qa4 18. Bc2 Qa5 19. 0-0-0 d4 20. Nxd4 Nxd4 21. cxd4 Rfd8 22. Rg4 b4 23. a4 b3 24. Bxb3 Qb4 25. Rd3 Bxd4 26. Qd1 Qc5+ 27. Kb1 Qxe5 28. Rgxd4 Rxd4 29. Rxd4 Qxg5 30. Ng3 Qf6 31. Qd2 Rb8 32. Rb4 Rd8 33. Qe3 Bg2 34. Rf4 Qg5 35. Ne4 Bxe4+ 36. Rxe4 Qa5 37. Ka2 Rb8 38. Rxe6 fxe6 39. Qxe6+ Kg7 1-0

[Event "Sydney op"]
[Site "Parramatta"]
[Date "2007.04.11"]
[Round "2"]
[White "Chokshi, Manthan J"]
[Black "Zhao, Zong Yuan"]
[Result "1/2-1/2"]
[WhiteElo "2168"]
[BlackElo "2476"]
[PlyCount "57"]
[EventDate "2007.04.10"]
[EventType "swiss"]
[EventRounds "9"]
[EventCountry "AUS"]
[SourceTitle "EXT 2023"]
[Source "ChessBase"]
[SourceDate "2022.10.05"]
[SourceVersion "1"]
[SourceVersionDate "2022.10.05"]
[SourceQuality "1"]

1. e4 c5 2. Nf3 Nc6 3. d4 cxd4 4. Nxd4 Nf6 5. Nc3 e5 6. Ndb5 d6 7. Nd5 Nxd5 8. exd5 Nb8 9. c4 Be7 10. Be2 0-0 11. c5 Na6 12. cxd6 Bxd6 13. 0-0 Nc7 14. Nc3 f5 15. f4 exf4 16. Bxf4 Bxf4 17. Rxf4 Qd6 18. Qd4 Bd7 19. Raf1 g5 20. R4f3 Ne6 21. Qf2 Ng7 22. Bb5 Rfe8 23. Bxd7 Qxd7 24. Qd4 Qd6 25. Nb5 Qd7 26. Nc3 Qd6 27. Nb5 Qd7 28. Nc3 Qd6 29. Nb5 1/2-1/2

[Event "Sydney op"]
[Site "Parramatta"]
[Date "2007.04.11"]
[Round "3"]
[White "Zulfic, Fedja"]
[Black "Chokshi, Manthan J"]
[Result "0-1"]
[WhiteElo "1895"]
[BlackElo "2168"]
[PlyCount "83"]
[EventDate "2007.04.10"]
[EventType "swiss"]
[EventRounds "9"]
[EventCountry "AUS"]
[SourceTitle "CBM 117 Extra"]
[Source "ChessBase"]
[SourceDate "2007.05.09"]
[SourceVersion "1"]
[SourceVersionDate "2007.05.09"]
[SourceQuality "1"]

1. d4 d5 2. Nf3 e6 3. e3 c6 4. c4 f5 5. Bd3 Nf6 6. 0-0 Bd6 7. b3 0-0 8. Ba3 Bxa3 9. Nxa3 Ne4 10. Ne5 Nd7 11. Nxd7 Bxd7 12. Nb1 Be8 13. Nd2 Rf6 14. Nxe4 fxe4 15. Be2 Rh6 16. f3 Qh4 17. h3 Rg6 18. Kh1 Qg5 19. Rg1 Qxe3 20. fxe4 dxe4 21. Bg4 Rf6 22. Re1 Qf4 23. Rf1 Qg5 24. Qe2 Bg6 25. Rxf6 Qxf6 26. Rf1 Qxd4 27. Bxe6+ Kh8 28. Bf7 Rf8 29. Rd1 Qe5 30. Bxg6 hxg6 31. Re1 e3 32. Qd3 Re8 33. Qxg6 e2 34. Qf7 Re6 35. Qf2 Kg8 36. Kg1 a5 37. a3 Qb2 38. b4 a4 39. Qf3 Qd4+ 40. Qf2 Qxc4 41. Qg3 Rf6 42. Qb8+ 0-1

[Event "Dubai op 06th"]
[Site "Dubai"]
[Date "2004.04.24"]
[Round "6"]
[White "Chokshi, Manthan J"]
[Black "Safin, Shukhrat"]
[Result "1/2-1/2"]
[WhiteElo "2223"]
[BlackElo "2499"]
[PlyCount "65"]
[EventDate "2004.04.19"]
[EventType "swiss"]
[EventRounds "9"]
[EventCountry "UAE"]
[SourceTitle "CBM 101"]
[Source "ChessBase"]
[SourceDate "2004.07.27"]
[SourceVersion "1"]
[SourceVersionDate "2004.07.27"]
[SourceQuality "1"]

1. e4 Nf6 2. Nc3 e5 3. f4 d5 4. fxe5 Nxe4 5. Nf3 Nxc3 6. bxc3 Be7 7. Be2 c5 8. 0-0 Nc6 9. Qe1 Be6 10. Rb1 Qd7 11. d4 h6 12. Ba3 c4 13. Qc1 b6 14. Kh1 0-0 15. Bxe7 Nxe7 16. Nh4 Kh8 17. Qd2 Ng8 18. Rf2 g5 19. Nf3 Bf5 20. Rbf1 Bg6 21. Nxg5 hxg5 22. Qxg5 Qd8 23. Qg3 Rc8 24. e6 Qe7 25. exf7 Rxf7 26. Rxf7 Bxf7 27. Rxf7 Qxf7 28. Qh3+ Qh7 29. Qxc8 Qxc2 30. Qh3+ Kg7 31. Qg3+ Kf8 32. Qf4+ Kg7 33. Qc7+ 1/2-1/2

[Event "Chennai WinTV op 1st"]
[Site "Chennai"]
[Date "2004.01.31"]
[Round "12"]
[White "Chokshi, Manthan J"]
[Black "Foudzi, Sitii Zulaikha"]
[Result "1-0"]
[WhiteElo "2248"]
[BlackElo "2162"]
[PlyCount "79"]
[EventDate "2004.01.21"]
[EventType "swiss"]
[EventRounds "13"]
[EventCountry "IND"]
[SourceTitle "CBM 098 Extra"]
[Source "ChessBase"]
[SourceDate "2004.03.10"]
[SourceVersion "2"]
[SourceVersionDate "2004.03.10"]
[SourceQuality "1"]

1. e4 e5 2. Nc3 Nf6 3. f4 d6 4. Nf3 Bg4 5. Bc4 Be7 6. fxe5 Bxf3 7. Qxf3 dxe5 8. d3 Nc6 9. 0-0 0-0 10. Nd5 Nd4 11. Nxe7+ Qxe7 12. Qd1 b5 13. Bb3 a5 14. Bg5 Ra6 15. Kh1 h6 16. Bh4 g5 17. Bg3 Rd8 18. c3 Nxb3 19. Qxb3 Rb8 20. Rf5 a4 21. Qc2 Re6 22. Qe2 Nh7 23. Raf1 f6 24. Qh5 Kg7 25. R1f3 c5 26. h4 Rh8 27. d4 cxd4 28. cxd4 exd4 29. e5 Rf8 30. hxg5 fxg5 31. Qg4 Rxf5 32. Qxf5 Nf8 33. Qd3 Ng6 34. Qxd4 h5 35. Be1 g4 36. Rf5 Qc7 37. Bc3 Qc4 38. Qd7+ Re7 39. e6+ Kh7 40. Rxh5+ 1-0

[Event "Chennai WinTV op 1st"]
[Site "Chennai"]
[Date "2004.01.29"]
[Round "10"]
[White "Chokshi, Manthan J"]
[Black "Shetty, Rahul"]
[Result "0-1"]
[WhiteElo "2248"]
[BlackElo "2382"]
[PlyCount "68"]
[EventDate "2004.01.21"]
[EventType "swiss"]
[EventRounds "13"]
[EventCountry "IND"]
[SourceTitle "CBM 098 Extra"]
[Source "ChessBase"]
[SourceDate "2004.03.10"]
[SourceVersion "2"]
[SourceVersionDate "2004.03.10"]
[SourceQuality "1"]

1. e4 e5 2. Nf3 Nc6 3. Bb5 a6 4. Ba4 Nf6 5. 0-0 Be7 6. Re1 b5 7. Bb3 0-0 8. a4 b4 9. c3 Rb8 10. d4 d6 11. Nbd2 bxc3 12. bxc3 exd4 13. Nxd4 Bd7 14. f4 Re8 15. N2f3 h6 16. Ba2 Nh7 17. Qd3 Nxd4 18. cxd4 c5 19. dxc5 Qc7 20. Ba3 dxc5 21. Bxf7+ Kh8 22. Ne5 Nf8 23. Nxd7 Red8 24. Bd5 Rxd7 25. Rab1 Qxf4 26. Rxb8 Qxb8 27. Qc3 Ng6 28. Be6 Bf6 29. Qc2 Bd4+ 30. Kh1 Rd8 31. Rf1 Ne5 32. Rb1 Qc7 33. Bd5 Ng4 34. g3 Rf8 0-1

[Event "Chennai WinTV op 1st"]
[Site "Chennai"]
[Date "2004.01.22"]
[Round "3"]
[White "Safin, Shukhrat"]
[Black "Chokshi, Manthan J"]
[Result "0-1"]
[WhiteElo "2528"]
[BlackElo "2248"]
[PlyCount "51"]
[EventDate "2004.01.21"]
[EventType "swiss"]
[EventRounds "13"]
[EventCountry "IND"]
[SourceTitle "CBM 098 Extra"]
[Source "ChessBase"]
[SourceDate "2004.03.10"]
[SourceVersion "2"]
[SourceVersionDate "2004.03.10"]
[SourceQuality "1"]

1. d4 Nf6 2. c4 e6 3. Nf3 b6 4. g3 Bb7 5. Bg2 Be7 6. Nc3 d5 7. cxd5 exd5 8. Qa4+ c6 9. 0-0 0-0 10. Bf4 Re8 11. Ne5 Bd6 12. e4 Bxe5 13. dxe5 Nxe4 14. Bxe4 dxe4 15. Nxe4 c5 16. Nd6 Bc6 17. Qb3 Re6 18. Rad1 Qf8 19. Nxf7 Qxf7 20. Rd8+ Re8 21. e6 Qf5 22. Rfd1 Na6 23. R1d6 Qb1+ 24. Rd1 Qe4 25. f3 Qxf3 26. e7+ 0-1

[Event "Commonwealth-ch"]
[Site "Mumbai"]
[Date "2004.01.17"]
[Round "8"]
[White "Chokshi, Manthan J"]
[Black "Udeshi, Aditya"]
[Result "0-1"]
[WhiteElo "2248"]
[BlackElo "1952"]
[PlyCount "114"]
[EventDate "2004.01.10"]
[EventType "swiss"]
[EventRounds "9"]
[EventCountry "IND"]
[SourceTitle "EXT 2006"]
[Source "ChessBase"]
[SourceDate "2005.11.24"]
[SourceVersion "1"]
[SourceVersionDate "2005.11.24"]
[SourceQuality "1"]

1. e4 d5 2. exd5 Qxd5 3. Nc3 Qa5 4. d4 Nf6 5. Bc4 c6 6. Nge2 Bf5 7. 0-0 e6 8. Bf4 Be7 9. Ng3 Bg6 10. Re1 0-0 11. Qe2 Nbd7 12. a3 Qb6 13. Qd2 Rac8 14. b4 Rfe8 15. Bb3 Nd5 16. Nce4 Nxf4 17. Qxf4 Nf6 18. Nc5 Nd5 19. Qf3 Qc7 20. Rad1 Rcd8 21. c4 Nf6 22. Nce4 b5 23. Nc5 bxc4 24. Bxc4 Nd5 25. Nge4 Qf4 26. Qb3 Bf5 27. Nd3 Qb8 28. Ne5 Bxe4 29. Rxe4 Bd6 30. Rde1 Bxe5 31. dxe5 c5 32. b5 Nb6 33. a4 Nxc4 34. Qxc4 Qb6 35. h4 Rd5 36. h5 h6 37. R1e3 Red8 38. Rg3 Rd4 39. Qe2 Rxe4 40. Qxe4 Qa5 41. Kh2 Rd4 42. Qa8+ Kh7 43. Qf3 Rh4+ 44. Rh3 Rxh3+ 45. Kxh3 Qc7 46. Qe4+ g6 47. f4 Qd7 48. g3 Qd1 49. hxg6+ fxg6 50. Qb7+ Kh8 51. Qb8+ Kh7 52. Qxa7+ Kh8 53. Qa8+ Kh7 54. Qb7+ Kh8 55. Qe4 Qf1+ 56. Kg4 Qd1+ 57. Kh4 Qh5# 0-1

[Event "Abu Dhabi op 13th"]
[Site "Abu Dhabi"]
[Date "2003.08.24"]
[Round "8"]
[White "Illijin, Neboisa"]
[Black "Chokshi, Manthan J"]
[Result "0-1"]
[WhiteElo "2293"]
[BlackElo "2237"]
[PlyCount "118"]
[EventDate "2003.08.16"]
[EventType "swiss"]
[EventRounds "9"]
[EventCountry "UAE"]
[SourceTitle "CBM 097"]
[Source "ChessBase"]
[SourceDate "2003.11.11"]
[SourceVersion "1"]
[SourceVersionDate "2003.11.11"]
[SourceQuality "1"]

1. e4 c5 2. Nf3 d6 3. d4 cxd4 4. Nxd4 Nf6 5. Nc3 a6 6. Be2 e5 7. Nb3 Be7 8. Be3 Be6 9. Nd5 Nxd5 10. exd5 Bf5 11. 0-0 0-0 12. Qd2 Bg6 13. a4 Qc7 14. c3 a5 15. Kh1 Nd7 16. Rad1 Nb6 17. f4 exf4 18. Bxf4 Nxa4 19. Ra1 Nc5 20. Nd4 Qb6 21. Be3 Qd8 22. Ra3 Ne4 23. Qd1 Bg5 24. Bg1 Nd2 25. Re1 Bf4 26. Nf3 Nxf3 27. Bxf3 Re8 28. Rxe8+ Qxe8 29. g3 Bg5 30. Ra1 h5 31. h4 Be3 32. Kg2 Bxg1 33. Qxg1 Qb5 34. b4 a4 35. Qd1 a3 36. Bxh5 Bxh5 37. Qxh5 a2 38. Qd1 Qc4 39. Qc2 Ra3 40. Qb2 Qxd5+ 41. Kh2 Ra8 42. Qc2 b5 43. Qg2 Qxg2+ 44. Kxg2 f6 45. Kf3 Kf7 46. Ke4 Ke6 47. Kd4 Kf5 48. Kd5 Kg4 49. Kxd6 Kxg3 50. Kc5 f5 51. Kxb5 f4 52. Kc6 f3 53. b5 f2 54. b6 Ra3 55. c4 Rb3 56. b7 Rb1 57. c5 f1Q 58. b8Q+ Rxb8 59. Rxf1 Rb1 0-1

[Event "Abu Dhabi op 13th"]
[Site "Abu Dhabi"]
[Date "2003.08.17"]
[Round "2"]
[White "Al Huwar, Jasem"]
[Black "Chokshi, Manthan J"]
[Result "0-1"]
[WhiteElo "2318"]
[BlackElo "2237"]
[PlyCount "90"]
[EventDate "2003.08.16"]
[EventType "swiss"]
[EventRounds "9"]
[EventCountry "UAE"]
[SourceTitle "CBM 097"]
[Source "ChessBase"]
[SourceDate "2003.11.11"]
[SourceVersion "1"]
[SourceVersionDate "2003.11.11"]
[SourceQuality "1"]

1. Nf3 Nf6 2. g3 g6 3. b3 Bg7 4. Bb2 0-0 5. Bg2 d6 6. d4 Nbd7 7. 0-0 c5 8. c4 Rb8 9. Nc3 a6 10. a4 Qc7 11. Rc1 Re8 12. Re1 b6 13. Qd2 Bb7 14. d5 Rbd8 15. Rcd1 Nf8 16. e4 e5 17. dxe6 fxe6 18. Qc1 Ng4 19. h3 Ne5 20. Nxe5 dxe5 21. Qg5 Nd7 22. f4 exf4 23. gxf4 Bd4+ 24. Kh1 Rf8 25. Rf1 Nf6 26. e5 Bxg2+ 27. Kxg2 Nh5 28. Kh1 Rf5 29. Qg4 Be3 30. Ne2 Rxd1 31. Rxd1 Nxf4 32. Ng3 Rf8 33. Ne4 Bd4 34. Bxd4 cxd4 35. Nf6+ Rxf6 36. exf6 Qe5 37. Qf3 d3 38. f7+ Kf8 39. Kg1 g5 40. b4 d2 41. c5 bxc5 42. bxc5 Qe1+ 43. Kh2 Nd3 44. c6 Nf2 45. Kg3 Nxd1+ 0-1

[Event "Canadian op"]
[Site "Montreal"]
[Date "2002.07.17"]
[Round "6"]
[White "Chokshi, Manthan J"]
[Black "Nogueiras Santiago, Jesus"]
[Result "1/2-1/2"]
[WhiteElo "2220"]
[BlackElo "2546"]
[PlyCount "24"]
[EventDate "2002.07.13"]
[EventType "swiss"]
[EventRounds "10"]
[EventCountry "CAN"]
[SourceTitle "CBM 089 Extra"]
[Source "ChessBase"]
[SourceDate "2002.09.10"]
[SourceVersion "2"]
[SourceVersionDate "2002.09.10"]
[SourceQuality "1"]

1. e4 Nf6 2. Nc3 d5 3. exd5 Nxd5 4. Bc4 Nb6 5. Bb3 Nc6 6. a4 a5 7. Nge2 g6 8. d4 Bg7 9. Be3 0-0 10. Qd2 Nb4 11. 0-0-0 Bg4 12. f3 Bf5 1/2-1/2

[Event "Wch U20 37th"]
[Site "Calicut"]
[Date "1998.11.21"]
[Round "5"]
[White "De Silva, Nirosh"]
[Black "Chokshi, Manthan J"]
[Result "0-1"]
[WhiteElo "2025"]
[BlackElo "2220"]
[PlyCount "68"]
[EventDate "1998.11.17"]
[EventType "swiss"]
[EventRounds "13"]
[EventCountry "IND"]
[SourceTitle "CBM 067 Extra"]
[Source "ChessBase"]
[SourceDate "1999.01.01"]
[SourceVersion "1"]
[SourceVersionDate "1999.01.01"]
[SourceQuality "1"]

1. e4 c5 2. Nf3 d6 3. d4 cxd4 4. Nxd4 Nf6 5. Nc3 a6 6. Bc4 e6 7. Bb3 Nc6 8. Be3 Be7 9. f4 Na5 10. Qe2 b5 11. 0-0-0 Qc7 12. f5 Nxb3+ 13. axb3 e5 14. Nf3 Bb7 15. Bg5 Nh5 16. g3 Bxg5+ 17. Nxg5 Nf6 18. g4 0-0 19. h4 Rfc8 20. Rhg1 b4 21. Nd5 Bxd5 22. exd5 a5 23. Ne4 Nxe4 24. Qxe4 a4 25. bxa4 Rxa4 26. Kd2 Ra2 27. Rb1 b3 28. Rgc1 Rxb2 29. Rxb2 Qc3+ 30. Kd1 Qxb2 31. c4 Qf2 32. Qe2 Qd4+ 33. Ke1 Ra8 34. Rb1 Ra1 0-1